| 000 | 00369nam a2200133Ia 4500 | ||
|---|---|---|---|
| 005 | 20260326100030.0 | ||
| 008 | 260326s9999||||xx |||||||||||||| ||und|| | ||
| 100 | _aRequiao, Maristela | ||
| 245 | 0 |
_aCasa Vilanova Artigas en Curitiba / _cMaristela Requiao |
|
| 260 | _bFundacao Cultural de Curitiba | ||
| 300 | _a71 p. | ||
| 650 | _aARQUITECTURA RESIDENCIAL | ||
| 942 | _cBK | ||
| 999 |
_c6556 _d6556 |
||